| 000 | 00350nam a2200145Ia 4500 | ||
|---|---|---|---|
| 005 | 20251222142016.0 | ||
| 008 | 251222s9999||||xx |||||||||||||| ||spa|| | ||
| 020 | _a84-331-0113-7 | ||
| 082 | _a371.2/G63C/EJ.2 | ||
| 100 | _aGómez Dacal, Gonzalo | ||
| 245 | 0 | _aEl Centro Escolar: | |
| 250 | _a2a.ed. | ||
| 264 | _bEscuela Española | ||
| 942 | _cLIB | ||
| 999 |
_c10487 _d10487 |
||